Cabaran berbasikal mengelilingi dunia : (Record no. 65179)

MARC details
000 -LEADER
fixed length control field 00817nam a2200253 i 4500
001 - CONTROL NUMBER
control field C2-0252121
003 - CONTROL NUMBER IDENTIFIER
control field PPAK
005 - DATE AND TIME OF LATEST TRANSACTION
control field 20180727215339.0
008 - FIXED-LENGTH DATA ELEMENTS--GENERAL INFORMATION
fixed length control field 031029s2003 my a|||| ||||| | may d
020 ## - INTERNATIONAL STANDARD BOOK NUMBER
International Standard Book Number 9831890000
040 ## - CATALOGING SOURCE
Original cataloging agency PPAK
Language of cataloging eng
Transcribing agency PPAK
Description conventions rda
082 04 - DEWEY DECIMAL CLASSIFICATION NUMBER
Classification number 796.609595
Edition number 23
090 00 - LOCALLY ASSIGNED LC-TYPE CALL NUMBER (OCLC); LOCAL CALL NUMBER (RLIN)
Classification number (OCLC) (R) ; Classification number, CALL (RLIN) (NR) 796.609595
Feature heading HAS
Feature heading R
100 0# - MAIN ENTRY--PERSONAL NAME
Personal name Hasan Nawawi Abd Rahman,
Relator term author
245 10 - TITLE STATEMENT
Title Cabaran berbasikal mengelilingi dunia :
Remainder of title wira daratan / Dato' Hasan Nawawi Abd. Rahman
264 #1 - PRODUCTION, PUBLICATION, DISTRIBUTION, MANUFACTURE, AND COPYRIGHT NOTICE
Place of production, publication, distribution, manufacture Shah Alam, Selangor :
Name of producer, publisher, distributor, manufacturer Rhythm Publishing ,
Date of production, publication, distribution, manufacture, or copyright notice 2003
300 ## - PHYSICAL DESCRIPTION
Extent x, 310 pages :
Other physical details colour illustrations ;
Dimensions 23 cm
336 ## - CONTENT TYPE
Source rdacontent
Content type term text
337 ## - MEDIA TYPE
Source rdamedia
Media type term unmediated
338 ## - CARRIER TYPE
Source rdacarrier
Carrier type term volume
650 10 - SUBJECT ADDED ENTRY--TOPICAL TERM
Topical term or geographic name entry element Bicycle touring. ; Cycling.
700 0# - ADDED ENTRY--PERSONAL NAME
Personal name Che Abdul Ghani bin Ghazali,
Relator term editor
942 ## - ADDED ENTRY ELEMENTS (KOHA)
-- dc
Koha item type Book
Holdings
Withdrawn Not for loan Current library Shelving location Date acquired Full call number Barcode Date last seen Koha item type
  Not For Loan Perpustakaan Alor Setar Rujukan Dewasa 29/10/2003 R 796.609595 HAS A00807820 08/05/2018 Book
  Not For Loan Perpustakaan Alor Setar Rujukan Dewasa 29/10/2003 R 796.609595 HAS A00807819 08/05/2018 Book
  Not For Loan Perpustakaan Awam Sungai Petani Rujukan Dewasa 22/06/2004 R 796.609595 HAS A00808849 08/05/2018 Book
  Not For Loan Perpustakaan Jitra Rujukan Dewasa 22/06/2004 R 796.609595 HAS A00808850 08/05/2018 Book